| 000 | 00560nam a2200217Ia 4500 | ||
|---|---|---|---|
| 003 | GCL | ||
| 008 | 140319s9999 xx 000 0 eng d | ||
| 040 |
_aGCL / _cGCL |
||
| 082 | 0 | 4 |
_aCC _b398.0962 _bK N |
| 100 | 1 | _aKHALIL, MOHAMED | |
| 245 | 1 | 0 |
_aTHE NATIONAL FOLKLORIC TROUPE / _cKHALIL, MOHAMED |
| 700 | 1 | _aNADIM, AHMED | |
| 700 | 1 | _aSALAMA, GAMAL | |
| 260 |
_a[S.N] : _bFOREIGN PRESS AND INFORMNTION DERT |
||
| 300 | _a24 P | ||
| 650 | 0 | 4 | _aFOLK - ART |
| 650 | 0 | 4 | _aDANCE |
| 650 | 0 | 4 | _aFOLKLORE - EGYPT |
| 650 | 0 | 4 | _aFOLK DANCING |
| 942 |
_2ddc _cBK |
||
| 999 |
_c15332 _d15332 |
||